000 00578nam a2200181 i 4500
001 135176
003 ES-MaACL
005 20230906194825.0
007 t|
008 070711s1957 sp ||||1| spa d
100 1 _aTobajas Bonilla, Babil.
_9110369
245 1 0 _aAudaces /
_cBabil Tobajas Bonilla.
260 _aTarragona :
_b[s.n.,
_c1957] (
_fGráfs. Marco)
300 _a237 p. con 7 lám. ;
_c20 cm.
500 _aPrecede al tít.: Universidad Laboral Francisco Franco.
710 2 _aUniversidad Laboral Francisco Franco.
_97386
852 _aES-MaACL
_jC-14058
_bR.41423
999 _c135176
_d135176